Central Library OPAC University of Rajshahi

Aging around the world : (Record no. 4752)

MARC details
000 -LEADER
fixed length control field 00970cam a22002531 4500
001 - CONTROL NUMBER
control field 4752
003 - CONTROL NUMBER IDENTIFIER
rucl marc code BD-RjUL
005 - DATE AND TIME OF LATEST TRANSACTION
control field 20211208233941.0
008 - FIXED-LENGTH DATA ELEMENTS--GENERAL INFORMATION
fixed length control field 160114s1962 nyua b 100 0 eng
035 ## - SYSTEM CONTROL NUMBER
System control number (BD-RjUL)4787
040 ## - CATALOGING SOURCE
Original cataloging agency DLC
Transcribing agency DLC
Modifying agency DLC
-- BD-RjUL
Language of cataloging eng
041 ## - LANGUAGE CODE
Language code of text/sound track or separate title eng
082 00 - DEWEY DECIMAL CLASSIFICATION NUMBER
Classification number 301.435
Edition number 18
Author mark and year SOC 1962
110 2# - MAIN ENTRY--CORPORATE NAME
Corporate name or jurisdiction name as entry element International Association of Gerontology.
9 (RLIN) 105381
245 10 - TITLE STATEMENT
Title Aging around the world :
Remainder of title proceedings of the fifth congress of the International Association of Gerontology /
Statement of responsibility, etc. Jerome Kaplan.
260 ## - PUBLICATION, DISTRIBUTION, ETC. (IMPRINT)
Place of publication, distribution, etc. [New York :
Name of publisher, distributor, etc. Columbia University Press,
Date of publication, distribution, etc. c1962.
300 ## - PHYSICAL DESCRIPTION
Pagination 4 v. , 372 p. :
Illustrations illus. ;
Size 24 cm.
504 ## - BIBLIOGRAPHY, ETC. NOTE
Bibliography, etc Includes bibliographies.
505 0# - FORMATTED CONTENTS NOTE
Formatted contents note [1] Social and psychological aspects of aging.--[2] Social welfare of the aging.--[3] Biological aspects of aging.--[4] Medical and clinical aspects of aging.
650 #0 - SUBJECT ADDED ENTRY--TOPICAL TERM
Topical term or geographic name as entry element Gerontology
General subdivision Congresses.
9 (RLIN) 14988
942 ## - ADDED ENTRY ELEMENTS (KOHA)
Source of classification or shelving scheme Dewey Decimal Classification
Koha item type Books
Holdings
Lost status Source of classification or shelving scheme Damaged status Not for loan Permanent Location Current Location Shelving location Date acquired Source of acquisition Cost, normal purchase price Total Checkouts Full call number Date last seen Copy number Koha item type
  Dewey Decimal Classification   Not For Loan Central Library, University of Rajshahi Central Library, University of Rajshahi   11/03/1966 Zeitlinger 0.00   301.435 SOC 1962 23/12/2013 C-1 Books